| 000 | 00485nam a2200193Ia 4500 | ||
|---|---|---|---|
| 008 | 151121s9999||||xx |||||||||||||| ||und|| | ||
| 082 | _a823-/ SEW | ||
| 082 | _bHNW-71590 | ||
| 100 | _aSewikas & Swami | ||
| 245 | _aTell me a Story - III | ||
| 260 | _b"Central Chinnaya mission, Bombay" | ||
| 260 | _c-- | ||
| 300 | _a133 | ||
| 600 | _aSewikas & Swami | ||
| 630 | _aTell me a Story - III | ||
| 700 | _aSewikas & Swami | ||
| 730 | _aTell me a Story - III | ||
| 942 | _cBOOK | ||
| 999 |
_c1253058 _d1253055 |
||